000 00669nam a2200205 i 4500
001 13273
003 ES-MaACL
005 20230906150534.0
007 t|
008 980120s1997 sp ||||1| spa d
020 _a84-87746-95-0
080 _a796.52 (234 Guadarrama)(036)
100 1 _aPliego Vega, Domingo.
_992653
245 1 4 _aLos dosmiles de Guadarrama
_b: 103 alturas de mas de 2.000 metros /
_cDomingo Pliego Vega.
250 _a1ª ed.
260 _aMadrid :
_bDesnivel,
_c1997.
300 _a149 p. :
_bil. ;
_c22 cm.
650 4 _aMontañismo-
_zGuadarrama (España, Sierra)
_915176
852 _aES-MaACL
_jL-20593
_bR.126032
_q. - Ded. autógr. del autor
999 _c13273
_d13273